Cosa vuol dire fare l'uomo? /

Wedi'i Gadw mewn:
Manylion Llyfryddiaeth
Awdur Corfforaethol: Mica Macho
Awduron Eraill: Ferreri, Francesco, (1977- ) (Golygydd)
Fformat: Llyfr
Iaith:Eidaleg
Cyhoeddwyd: Milano : Sonda, 2023
Cyfres:Guide
Tagiau: Ychwanegu Tag
Dim Tagiau, Byddwch y cyntaf i dagio'r cofnod hwn!

MARC

LEADER 00000nam a22000007i 4500
001 IT\ICCU\MOD\1759016
003 ItRI
005 20240225202900.0
008 230526s2023 it |||||| |||||0|||||c
020 |a 9788872242063 
040 |b ita  |c C 
041 7 |a ita  |2 ISO-639-2 
110 2 |a Mica Macho  |0 IT\ICCU\MODV\680627 
240 1 0 |a Cosa vuol dire fare l'uomo?  |9 Mica Macho 
245 0 0 |a Cosa vuol dire fare l'uomo? /  |c Mica Macho ; a cura di Francesco Ferreri. 
260 |a Milano :  |b Sonda,  |c 2023 
300 |a 187 p. :  |b ill. ;  |c 23 cm 
700 1 |a Ferreri, Francesco,  |d  (1977- )  |0 IT\ICCU\BVEV\281245  |4 edt 
830 0 |a Guide  |0 IT\ICCU\RT1\0140992 
942 |2 ddc  |c BK 
981 1 |6 z01  |a i   |b xxxe  
982 1 |6 z01  |a n 
999 |c 692  |d 692